[Event "SVK-ch U16 Girls"]
[Site "Lubovna"]
[Date "2013.04.12"]
[Round "6"]
[White "Celustkova, Lubica"]
[Black "Loncova, Jana"]
[Result "1-0"]
[WhiteElo "1629"]
[BlackElo "1020"]
[PlyCount "73"]
[EventDate "2013.04.06"]
[EventType "tourn"]
[EventRounds "7"]
[EventCountry "SVK"]
[SourceTitle "CBM 153 Extra"]
[Source "ChessBase"]
[SourceDate "2013.04.22"]
[SourceVersion "1"]
[SourceVersionDate "2013.04.22"]
[SourceQuality "1"]

1. e4 e5 2. Nf3 Nc6 3. Bb5 a6 4. Ba4 Nf6 5. 0-0 Nxe4 6. Re1 d5 7. d3 b5 8. Bxb5 axb5 9. dxe4 d4 10. h3 Bc5 11. Nbd2 Bb4 12. a3 Ba5 13. b3 d3 14. Bb2 f6 15. b4 Bb6 16. Nf1 dxc2 17. Qxc2 Be6 18. Qxc6+ Bd7 19. Qc2 0-0 20. Ne3 Re8 21. Nd5 Ra6 22. Nxb6 Rxb6 23. Rad1 Rc6 24. Qxc6 Bxc6 25. Rxd8 Rxd8 26. Nh2 Rd2 27. Bc1 Rd4 28. f3 g6 29. Ng4 Kg7 30. Kf2 f5 31. exf5 gxf5 32. Nxe5 Bb7 33. f4 Kf6 34. Nc6 Rd6 35. Bb2+ Kg6 36. Ne5+ Kh6 37. Nf7+ 1-0

[Event "SVK-ch U16 Girls"]
[Site "Lubovna"]
[Date "2013.04.06"]
[Round "1"]
[White "Dzurjaninova, Hana"]
[Black "Loncova, Jana"]
[Result "1-0"]
[WhiteElo "1650"]
[BlackElo "1020"]
[PlyCount "89"]
[EventDate "2013.04.06"]
[EventType "tourn"]
[EventRounds "7"]
[EventCountry "SVK"]
[SourceTitle "CBM 153 Extra"]
[Source "ChessBase"]
[SourceDate "2013.04.22"]
[SourceVersion "1"]
[SourceVersionDate "2013.04.22"]
[SourceQuality "1"]

1. e4 e5 2. Nf3 Nc6 3. d4 d6 4. dxe5 Bg4 5. exd6 Bxd6 6. Be2 Qf6 7. Nc3 0-0-0 8. Bg5 Bb4 9. Qxd8+ Nxd8 10. Bxf6 Nxf6 11. 0-0 Ne6 12. Nd5 Nxd5 13. exd5 Nf4 14. Bc4 f6 15. Nd4 a6 16. c3 b5 17. Bxb5 axb5 18. cxb4 Nxd5 19. f3 Bd7 20. a3 Nb6 21. b3 Re8 22. Rfe1 Re5 23. Rac1 Rd5 24. Ne6 c6 25. Nc5 Bf5 26. Re7 g5 27. Ne6 Rd7 28. Re8+ Kb7 29. Nc5+ Kc7 30. Nxd7 Bxd7 31. Re7 h6 32. Rh7 Nd5 33. Rxh6 Nf4 34. Re1 Nd3 35. Re3 Nb2 36. Rxf6 Nd1 37. Rd3 Nb2 38. Rd2 Nc4 39. bxc4 bxc4 40. Rf7 c3 41. Rdxd7+ Kb6 42. a4 c2 43. Rb7+ Ka6 44. Ra7+ Kb6 45. Rfb7# 1-0